Statistics for Call Me Maybe by Carly Rae Jepsen Lyrics

Click here to take the quiz!

General Stats

  • This quiz has been taken 17,298 times
  • The average score is 27 of 34

Answer Stats

HintAnswer% Correct
Don't ask me I'll never ___Tell
97%
You took your time with the ___Call
95%
So ____ me maybeCall
95%
But here's my _____Number
95%
But here's my _______Number
95%
I threw a wish in the ___Well
95%
And this is ______Crazy
94%
Hey I just ___ youMet
94%
So ___ __ ______Call me Maybe
93%
And now you're in ___ _____My way
93%
But now you're in __ ____My way
93%
So call me ____Maybe
92%
Where you think you're ______ baby?Going
91%
But ____ my numberHere's
91%
Hot night wind was ________Blowin'
88%
I looked to you as I ___Fell
88%
It's ____ to look rightHard
84%
At __ babyYou
84%
I wasn't ________ for thisLooking
80%
You gave me nothing _ __At all
74%
I missed you so __ badSO
70%
And all the ____ ___Other Boys
68%
________ _____ skin was showin'Ripped jeans
68%
Try to ____ meChase
67%
I'd _____ my soul for a wishTrade
67%
I took no time with the ____Fall
65%
_____ __ _______ for a kissPennies and dimes
64%
Your ____ was holdin'Stare
63%
But its in my ___Way
62%
I beg, and borrow and ____Steal
61%
I ______ you so badMissed
60%
I didn't know I would ___ itFeel
52%
At first ____ and its realSight
52%
Before you ___ ___ _ ___Came into my life
39%

Score Distribution

Percentile by Number Answered

Percent of People with Each Score

Your Score History

You have not taken this quiz